|
|
|
|
| LEADER |
01112nam a2200325Ia 4500 |
| 001 |
EBC233893 |
| 003 |
MiAaPQ |
| 005 |
20200520144314.0 |
| 006 |
m o d | |
| 007 |
cr cn||||||||| |
| 008 |
111018s2005 enkac s 000 0 eng d |
| 020 |
|
|
|z 1845441370
|
| 035 |
|
|
|a (MiAaPQ)EBC233893
|
| 035 |
|
|
|a (Au-PeEL)EBL233893
|
| 035 |
|
|
|a (CaPaEBR)ebr10085676
|
| 035 |
|
|
|a (CaONFJC)MIL50881
|
| 035 |
|
|
|a (OCoLC)832235740
|
| 040 |
|
|
|a MiAaPQ
|c MiAaPQ
|d MiAaPQ
|
| 050 |
|
4 |
|a HF5415
|b .M374 2005
|
| 082 |
0 |
4 |
|a 381
|2 22
|
| 245 |
0 |
0 |
|a Marketing
|h [electronic resource].
|
| 260 |
|
|
|a Bradford, England :
|b Emerald Group Publishing,
|c c2005.
|
| 300 |
|
|
|a 46 p. :
|b ill., port.
|
| 490 |
0 |
|
|a Strategic direction,
|x 0258-0543 ;
|v v. 21, no. 6
|
| 533 |
|
|
|a Electronic reproduction. Ann Arbor, MI : ProQuest, 2015. Available via World Wide Web. Access may be limited to ProQuest affiliated libraries.
|
| 650 |
|
0 |
|a Marketing.
|
| 650 |
|
0 |
|a Economics.
|
| 655 |
|
4 |
|a Electronic books.
|
| 710 |
2 |
|
|a ProQuest (Firm)
|
| 856 |
4 |
0 |
|u https://ebookcentral.proquest.com/lib/matrademy/detail.action?docID=233893
|z Click to View
|